000 00529nam a2200193Ia 4500
001 12832
003 IN-NITTTR
005 20251114233120.0
008 251113s9999||||xx |||||||||||||| ||eng||
040 _beng
040 _cIN-NITTTR
041 _aeng
082 _a658.4032 H386H
100 _aHenerson, Marlene E.
245 0 _aHow to measure attitudes /
_cHenerson, Marlene E., Morris, Lynn Lyons, Fitz-Gibbon, Carol Taylor
700 _a Fitz-Gibbon, Carol Taylor
700 _a Morris, Lynn Lyons
942 _2ddc
_cBK
999 _c15468
_d15468